Language: India, states and union territories (Record no. 483907)

000 -LEADER
fixed length control field 00469cam a22001457a 4500
008 - FIXED-LENGTH DATA ELEMENTS--GENERAL INFORMATION
fixed length control field 180718b2008 xxu||||| |||| 00| 0 eng d
082 ## - DEWEY DECIMAL CLASSIFICATION NUMBER
Classification number A81x54 01/1L
100 ## - MAIN ENTRY--PERSONAL NAME
Personal name Census of India 2001
245 ## - TITLE STATEMENT
Title Language: India, states and union territories
260 ## - PUBLICATION, DISTRIBUTION, ETC.
Place of publication, distribution, etc. New Delhi
Name of publisher, distributor, etc. Office of the Registrar General, India
Date of publication, distribution, etc. 2008
300 ## - PHYSICAL DESCRIPTION
Extent 396p.
440 ## - SERIES STATEMENT/ADDED ENTRY--TITLE
Title Census of India 2001, Series-1, India
500 ## - GENERAL NOTE
General note Contents: Table C-16
650 ## - SUBJECT ADDED ENTRY--TOPICAL TERM
Topical term or geographic name entry element Language and languages - India
Holdings
Withdrawn status Lost status Damaged status Not for loan Permanent Location Current Location Date acquired Full call number Barcode Date last seen Price effective from Koha item type
        Indian Institute of Public Administration Indian Institute of Public Administration 2018-08-04 A81x54 01/1L G21034 2018-08-04 2018-08-04 G

Powered by Koha